书目信息 |
| 题名: |
数据结构习题与解析
|
|
| 作者: | 李春葆 编著 | |
| 分册: | C语言篇 | |
| 出版信息: | 北京 清华大学出版社 2000 |
|
| 页数: | 353页 | |
| 开本: | 26cm | |
| 丛书名: | ||
| 单 册: | ||
| 中图分类: | TP311.12-44 | |
| 科图分类: | ||
| 主题词: | 数据结构--解题--高等学校 , C语言--解题--高等学校 | |
| 电子资源: | ||
| ISBN: | 7-302-03786-8 | |
| 000 | 00710nam0 2200241 45 | |
| 001 | 012000009923 | |
| 005 | 20061009093957.79 | |
| 010 | @a7-302-03786-8@dCNY28.00 | |
| 100 | @a20000224d2000 em y0chiy0121 ea | |
| 101 | 0 | @achi |
| 102 | @aCN@b110000 | |
| 105 | @ay q 000yy | |
| 200 | 1 | @a数据结构习题与解析@Ashu ju jie gou xi ti yu jie xi@iC语言篇@f李春葆编著 |
| 210 | @a北京@c清华大学出版社@d2000 | |
| 215 | @a353页@d26cm | |
| 300 | @a计算机应用与培训系列教材 | |
| 300 | @a北京科海培训中心 | |
| 606 | @a数据结构@x解题@x高等学校 | |
| 606 | @aC语言@x解题@x高等学校 | |
| 690 | @aTP311.12-44@v4 | |
| 701 | 0 | @a李春葆@Ali chun bao@4编著 |
| 801 | 0 | @aCN@bNLC@c20061009 |
| 905 | @a10447@dTP311.12-44@e208 | |
| 数据结构习题与解析.C语言篇/李春葆编著.-北京:清华大学出版社,2000 |
| 353页;26cm |
| 计算机应用与培训系列教材.-北京科海培训中心 |
| ISBN 7-302-03786-8:CNY28.00 |
| ● |
| 相关链接 |
|
|
|
|
正题名:数据结构习题与解析
索取号:TP311.12-44/208
 
预约/预借
| 序号 | 登录号 | 条形码 | 馆藏地/架位号 | 状态 | 备注 |
| 1 | 0494281 | 204942811 | 密集书库/ [索取号:TP311.12-44/208] | 在馆 |